LEADER 00969nam0 22002651i 450 001 UON00042488 005 20231205102152.268 100 $a20020107d1949 |0itac50 ba 101 $afre 102 $aFR 105 $a|||| 1|||| 200 1 $aˆL'‰art phénicien du 2e millénaire$fRené Dussaud 210 $aParis$cPaul Geuthner$d1949 215 $a121 p.$cill.$d24 cm 606 $aARTE FENICIA$3UONC014544$2FI 620 $aFR$dParis$3UONL002984 686 $aFP IX A$cFENICIO PUNICO - ARTI - STORIA$2A 700 1$aDUSSAUD$bRené$3UONV011084$0389328 712 $aGeuthner$3UONV246291$4650 801 $aIT$bSOL$c20240220$gRICA 899 $aSIBA - SISTEMA BIBLIOTECARIO DI ATENEO$2UONSI 912 $aUON00042488 950 $aSIBA - SISTEMA BIBLIOTECARIO DI ATENEO$dSI FP IX A 001 $eSI MR 27381 7 001 996 $aArt phénicien du 2e millénaire$91152843 997 $aUNIOR